000
00196 a2200097 4500
020
_a
9788496886353
041
_a
spa
100
_a
Part, Michael
245
_a
El Papa que ama el futbol
942
_c
BK
999
_c
13454
_d
13454